000 00575nam a2200181Ia 4500
005 20250508154121.0
008 008 250505s9999 xx 000 0 eng d
037 _aTextual
040 _aFEDL
_beng
_cFEDL
041 _aeng
_2eng
084 _a371.426, INS
_qFEDL
245 0 _aStudent wastage in engineering educational institutions ( Completed study)
245 0 _cIAMR working paper; 13
260 _aNew Delhi, India
_bInstitute of Applied manpower Research
_c1965
300 _a105p
942 _cTEXL
_h371.426, INS
999 _c1347769
_d1347769